Building a recovery (Record no. 111776)

MARC details
000 -LEADER
fixed length control field 00883cad a22001935a 4500
001 - CONTROL NUMBER
control field E151982
008 - FIXED-LENGTH DATA ELEMENTS--GENERAL INFORMATION
fixed length control field 110118s2010 xxk f 000 0 eng d
035 ## - SYSTEM CONTROL NUMBER
System control number (Sirsi) u151982
041 0# - LANGUAGE CODE
Language code of text/sound track or separate title eng
110 2# - MAIN ENTRY--CORPORATE NAME
Corporate name or jurisdiction name as entry element Home Builders Federation
9 (RLIN) 4896
245 00 - TITLE STATEMENT
Title Building a recovery
Remainder of title how tackling the housing crisis can rebuild local economies across the country
Medium [electronic resource]
260 ## - PUBLICATION, DISTRIBUTION, ETC.
Place of publication, distribution, etc. London
Name of publisher, distributor, etc. HBF
Date of publication, distribution, etc. 2010
520 ## - SUMMARY, ETC.
Summary, etc. Suggests that building the homes required to tackle the current undersupply will create jobs and help to reinvigorate the economy.
590 ## - LOCAL NOTE (RLIN)
Local note KA
651 #4 - SUBJECT ADDED ENTRY--GEOGRAPHIC NAME
Geographic name United Kingdom
690 ## - LOCAL SUBJECT ADDED ENTRY--TOPICAL TERM (OCLC, RLIN)
Topical term or geographic name as entry element PROPERTY-RESIDENTIAL PROPERTY-DOMESTIC RESIDENTIAL PROPERTY-HOUSING
856 40 - ELECTRONIC LOCATION AND ACCESS
Uniform Resource Identifier <a href="https://www.hbf.co.uk/fileadmin/documents/Email_Links/HBF_Report_-Building_a_recovery_-_December_2010.pdf">https://www.hbf.co.uk/fileadmin/documents/Email_Links/HBF_Report_-Building_a_recovery_-_December_2010.pdf</a>
Public note View the report free of charge (PDF file) at www.hbf.co.uk
942 ## - ADDED ENTRY ELEMENTS (KOHA)
Suppress in OPAC 0
Holdings
Withdrawn status Lost status Source of classification or shelving scheme Damaged status Not for loan Home library Current library Shelving location Date acquired Total Checkouts Full call number Barcode Date last seen Copy number Price effective from Koha item type
    Dewey Decimal Classification     Virtual Virtual Online 18/01/2011   ONLINE PUBLICATION 151982-2001 06/08/2019 1 06/08/2019 Book